AH International Schools' Libraries

The Colors of the Rainbow (Record no. 48781)

MARC details
000 -LEADER
fixed length control field 00402nam a22001217a 4500
008 - FIXED-LENGTH DATA ELEMENTS--GENERAL INFORMATION
fixed length control field 250331b |||||||| |||| 00| 0 eng d
020 ## - INTERNATIONAL STANDARD BOOK NUMBER
International Standard Book Number 9780764132773
100 ## - MAIN ENTRY--PERSONAL NAME
Personal name Jennifer Moore-Mallinos (Author), Marta Fabrega (Illustrator)
9 (RLIN) 86204
245 ## - TITLE STATEMENT
Title The Colors of the Rainbow
260 ## - PUBLICATION, DISTRIBUTION, ETC. (IMPRINT)
Place of publication, distribution, etc United State and Canada
Name of publisher, distributor, etc B E S Pub Co
Date of publication, distribution, etc 2005
300 ## - PHYSICAL DESCRIPTION
Extent 32 p
Other physical details col. ill.
Dimensions 9.5 x 0.25 x 9.5 inches
942 ## - ADDED ENTRY ELEMENTS (KOHA)
Source of classification or shelving scheme
Holdings
Withdrawn status Lost status Source of classification or shelving scheme Damaged status Not for loan Collection code Home library Current library Shelving location Date acquired Full call number Barcode Date last seen Price effective from Koha item type
          Siem Riep Asian Hope Siem Reap Asian Hope Siem Reap Easy Reading 03/31/2025 E MOO 208185 03/31/2025 03/31/2025 Book

For any Logos Library related questions please contact Miss Art at swongnarasuk@asianhope.org.

For any Asian Hope Library related questions please contact Miss Raza at graza@asianhope.org.

Powered by Koha